| 000 | 00421nam a22001697a 4500 | ||
|---|---|---|---|
| 003 | CEME | ||
| 005 | 20210628202439.0 | ||
| 008 | 210122b xxu||||| |||| 00| 0 eng d | ||
| 040 | _c. | ||
| 082 | _a519.3 BIN | ||
| 100 |
_aBinmore, Ken _959943 |
||
| 245 | _aFun and game a text on game theory | ||
| 260 |
_aNEW DELHI _bA.I.T.B.S PUBLISHER _c2005 |
||
| 300 | _a645P | ||
| 650 |
_aGAME THEORY _935591 |
||
| 942 |
_cBK _2ddc |
||
| 999 |
_c569802 _d569802 |
||